000
00328nam a22001457a 4500
008
210308b ||||| |||| 00| 0 eng d
020
_a
0030202930
041
_a
eng
080
_2
7th
_a
541
082
_a
541
100
_a
12
101
_a
KIM
245
_a
Analytical Chemistry an Introduction
_c
Skoog, D.A
942
_2
udc
_c
BK
999
_c
55982
_d
55982